The political economy of peasant farming in Ghana

Saved in:
Bibliographic Details
Main Author: Vercruijsse, Emile (Author)
Format: Book
Language:English
Published: La Haya Institute of Social Studies 1988
Series:Occasional Paper, 106
Subjects:
Tags: Add Tag
No Tags, Be the first to tag this record!

MARC

LEADER 00000nam a2200000 a 4500
001 UCX1370
003 CL-VaPUC
008 900814e19880000NE |||||||||||||||||eng|d
082 0 4 |a 338.1  |b VER  |2 21 
100 0 |a Vercruijsse, Emile  |e author  |9 316854 
245 1 4 |a The political economy of peasant farming in Ghana 
300 |a 137 p 
942 |c BK 
945 |d 19900814 00:00:00 
260 |a La Haya  |b Institute of Social Studies  |c 1988 
650 0 |a Política económica   |9 255029 
651 7 |a GHANA  |2 CL-VaPUC  |9 316855 
583 |a last modification  |c 19900814 00:00:00  |k Rodrigo Vera 
490 0 |a Occasional Paper, 106 
999 |c 222622  |d 222620 
952 |0 0  |1 0  |4 0  |6 338_100000000000000_VER_1988  |7 0  |8 A  |9 217624  |a BIBENE  |b BIBENE  |d 2019-11-15  |i 2865343  |o 338.1 VER 1988  |p 2865343  |r 2025-01-15  |w 2019-11-15  |y BK  |k ICO